Sports Quiz

Random Sports or NBA Quiz

Athletes who wore #7 Quiz Stats

 Plays Quiz not verified by Sporcle

Score 0/25 Timer 07:00
0 Plays Today
Primary Team Player % Correct
Denver BroncosJohn Elway
82.6%
New York YankeesMickey Mantle
80.1%
Pittsburgh SteelersBen Roethlisberger
70.8%
Minnesota TwinsJoe Mauer
69.6%
Atlanta FalconsMichael Vick
65.8%
Houston AstrosCraig Biggio
62.1%
Los Angeles LakersLamar Odom
60.2%
England soccerDavid Beckham
54%
Portland TrailblazersBrandon Roy
47.8%
New York MetsJose Reyes
47.2%
Phoenix SunsKevin Johnson
38.5%
New Orleans JazzPete Maravich
36.6%
Nebraska footballEric Crouch
36.6%
Primary Team Player % Correct
Calgary StampedersJeff Garcia
28%
Boston BruinsPhil Esposito
27.3%
Manchester UnitedChristiano Ronaldo
24.8%
Chicago BullsToni Kukoc
23%
Edmonton OilersPaul Coffey
20.5%
Chicago BlackhawksChris Chelios
17.4%
Valencia CFDavid Villa
16.8%
Minnesota North StarsNeal Broten
16.1%
Milwaukee BrewersJ.J. Hardy
13%
Cleveland RamsBob Waterfield
8.1%
New York Giants (NFL)Mel Hein
7.5%
Decatur StaleysGeorge Halas
7.5%

You're not logged in!

Compare scores with friends on all Sporcle quizzes.
OR
Log In

Show Comments

Extras

Top Quizzes Today


Score Distribution

Your Account Isn't Verified!

In order to create a playlist on Sporcle, you need to verify the email address you used during registration. Go to your Sporcle Settings to finish the process.

Report this User

Report this user for behavior that violates our Community Guidelines.

Details: